Tate McRae - Chansons de l'EP Too Young To Be Sad - Statistiques

Statistiques générales
  • Ce quiz a été pris 27 fois
  • Le résultat moyen est 5 sur 6
Statistiques - réponses
Pistes Chansons % Correct
1 Bad Ones
88%
2 Rubberband
88%
5 You Broke Me First
75%
4 R U OK
69%
6 Wish I Loved You in the 90s
69%
3 Slower
63%
Aucun quiz correspondant
Distribution des résultats
% des personnes avec chaque résultat
Percentile par nombre de réponses
Votre historique - résultats
Vous n’avez pas pris ce quiz